000 02237nam a22002897a 4500
005 20170614103157.0
010 _aBAC-EN21 ENG-111779
020 _a9788184955644
_c399.00
035 _aEN-95311
035 _aB-582469-484
035 _aB-664712
037 _bBSB/Ven
_adpl
037 _bDBAD/PUB
082 _aN
100 _aSinger, Randy
245 _aDead lawyers tell no tales /
_cby Randy Singer
260 _aMumbai
_bJaico Publishing House
_c2014
270 _aA-2 Jash Chambers,7-A Sir Firozshah Mehta Road,Fort
_bMumbai
_e400001
300 _axiv,425p.
_c22cm(pbk)
520 _a "Landon Reed is an ex-quarterback convicted of organizing a points-shaving scheme. During his time in prison, he found forgiveness and faith and earned his law degree. Now he longs for an opportunity to prove his loyalty and worth. "Be careful what you ask for." Harry McNaughton is one of the founding partners of McNaughton & Clay--and the only lawyer willing to take a chance employing an ex-con-turned-lawyer. Though Landon initially questions Harry’s ethics and methods, it’s clear the crusty old lawyer has one of the most brilliant legal minds Landon has ever encountered. The two dive into preparing a defense for one of the highest-profile murder trials Virginia Beach has seen in decades when Harry is gunned down in what appears to be a random mugging. Then two more lawyers are killed when the firm’s private jet crashes. Authorities suspect someone has a vendetta against McNaughton & Clay, leaving Landon and the remaining partner as the final targets. As Landon struggles to keep the firm together, he can’t help but wonder, is the plot related to a shady case from McNaughton & Clay’s past, or to the murder trial he’s neck-deep in now? And will he survive long enough to find out?"-- |c P. [2] of cover.
650 _a Ex-convicts
_vFiction.
650 _a Lawyers
_xCrimes against
_v Fiction.
650 _a Murder
_xInvestigation
_vFiction.
942 _2ddc
_cEN
_mSIN
_hN
999 _c89435
_d89435